000 00821ntaaa2200241 4500
003 01
005 20251027203237.0
008 0714s1973 ag 01
020 _a0802839991
040 _aAR-BaBN
_bspa
_cAR-BaBN
_eaacr
_dRIC
082 _a264 P69
100 _aPlantinga Jr, Cornelius
_934785
110 _aCalvin Institute of Christian Worship Liturgical Studies Series
_934786
245 _aDiscerning the spirits :
_bA guide to Thinking about Christian Worship Today /
_cCornelius Plantinga Jr Calvin INstitute of Christian Worship Liturgical Studies Series, Sue A. Rozeboom
250 _a1ยช ed.
260 _aGrand Rapids :
_bWm. B. Eerdmans Publishing Co.,
_c2003
300 _a170 p.
650 _aLITURGIA
650 _aCULTO
650 _aADORACION
700 _aRozeboom, Sue A.
_934787
942 _cBK
999 _c27871
_d27871